Top 25 Marcatori Mondiali di Calcio - Statistics

Statistiche generali
  • Questo quiz è stato fatto 1.249 volte
  • Il punteggio medio è 7 su 25
Statistiche sulle risposte
Gol Nazione Gol per edizione Calciatore % Corretto
15 Brasile Francia 1998 4, Corea del Sud/Giappone 2002 8, Germania 2006 3 Ronaldo
94%
13 Argentina Germania 2006 1, Brasile 2014 4, Russia 2018 1, Qatar 2022 7 Lionel Messi
89%
16 Germania Corea del Sud/Giappone 2002 5, Germania 2006 5, Sudafrica 2010 4, Brasile 2014 2 Miroslav Klose
79%
12 Brasile Svezia 1958 6, Cile 1962 1, Inghilterra 1970 1, Messico 1970 4 Pelé
69%
12 Francia Russia 2018 4, Qatar 2022 8 Kylian Mbappé
62%
9 Italia Italia 1990 2, Stati Uniti 1994 5, Francia 1998 2 Roberto Baggio
39%
9 Italia Francia 1998 5, Corea del Sud/Giappone 2002 4 Christian Vieri
31%
9 Spagna Germania 2006 3, Sudafrica 2010 5, Brasile 2014 1 David Villa
30%
14 Germania Ovest Messico 1970 10, Germania Ovest 1974 4 Gerd Müller
26%
9 Portogallo Inghilterra 1966 9 Eusébio
24%
13 Francia Svezia 1958 13 Just Fontaine
23%
9 Italia Argentina 1978 3, Spagna 1982 6 Paolo Rossi
20%
10 Germania Sudafrica 2010 5, Brasile 2014 5, Thomas Müller
19%
10 Argentina Stati Uniti 1994 4, Francia 1998 5, Corea del Sud/Giappone 2002 1 Gabriel Batistuta
18%
10 Inghilterra Messico 1986 6, Italia 1990 4 Gary Lineker
11%
9 Germania Ovest Argentina 1978 3, Spagna 1982 5, Messico 1986 1 Karl-Heinz Rummenigge
8%
9 Brasile Svezia 1958 5, Cile 1962 4 Vavá
8%
10 Polonia Germania Ovest 1974 7, Argentina 1978 2, Spagna 1982 1 Grzegorz Lato
7%
11 Germania Italia 1990 3, Stati Uniti 1994 5, Francia 1998 3 Jürgen Klinsmann
7%
9 Brasile Messico 1970 7, Germania Ovest 1974 2 Jairzinho
5%
9 Brasile Brasile 1950 9 Ademir
4%
11 Ungheria Svizzera 1954 8 Sándor Kocsis
4%
10 Perù Messico 1970 5, Argentina 1978 5 Teófilo Cubillas
3%
10 Germania Ovest Svizzera 1954 4, Svezia 1958 6 Helmut Rahn
2%
9 Germania Ovest Svezie 1958 2, Cile 1962 2, Inghilterra 1966 2, Messico 1970 3 Uwe Seeler
2%
Nessun quiz corrispondente trovato
Distribuzione punteggi
Percentuale di utenti per punteggio
Percentile per numero di risposta
I tuoi punteggi nel tempo
Non hai fatto questo quiz